000 00874 a2200253 4500
020 _a0849373387
020 _a084932274X (set)
024 3 _a9780849373381
024 3 _a9780849322747
035 _a(OCoLC)ocm62134804
040 _aDLC
_bDLC
082 0 0 _a621.382
245 0 4 _aThe electrical engineering handbook: Broadcasting and optical communication technology
_pBroadcasting and optical communication technology
_cRichard C. Dorf.
246 3 0 _aBroadcasting and optical communication technology
250 _a3rd ed.
260 _aBoca Raton, FL :
_bCRC/Taylor & Francis,
_c2006.
300 _a1 v. (various pagings) :
_bill. ;
_c26 cm.
440 4 _aThe electrical engineering handbook series
650 0 _aOptical communications.
650 0 _aBroadcasting.
650 0 _aTelecommunication.
700 1 _aDorf, Richard C.
942 _cBK
_k621.382 DOR
_2ddc
999 _c8140
_d8140